Catálogo
 En Linea

La América meridional - canal de Panamá / (Registro nro. 7101)

Detalles MARC
000 -CABECERA
campo de control de longitud fija 01026cam a2200253 a 4500
001 - NÚMERO DE CONTROL
campo de control 000007320
005 - FECHA Y HORA DE LA ÚLTIMA TRANSACCIÓN
campo de control 20200929154131.0
008 - DATOS DE LONGITUD FIJA--INFORMACIÓN GENERAL
campo de control de longitud fija 940503s1992 ck b 000 0aspa d
020 ## - NÚMERO INTERNACIONAL ESTÁNDAR DEL LIBRO
Número Internacional Estándar del Libro 9586120910
040 ## - FUENTE DE LA CATALOGACIÓN
Centro catalogador/agencia de origen DO-SdBNP
Lengua de catalogación spa
Centro/agencia transcriptor BNPHU
082 ## - NÚMERO DE LA CLASIFICACIÓN DECIMAL DEWEY
Número de clasificación xxxx
Número de documento/Ítem xxxx
100 1# - ENTRADA PRINCIPAL--NOMBRE DE PERSONA
Nombre de persona La Condamine
Forma completa/desarrollada del nombre (Charles-Marie de La Condamine),
Fechas asociadas al nombre 1701-1774.
9 (RLIN) 20351
245 13 - MENCIÓN DE TÍTULO
Título La América meridional - canal de Panamá /
Mención de responsabilidad, etc. La Condamine y Napoleón Bonaparte Wyse ; presentación, Fernan E. Gonzalez.
260 ## - PUBLICACIÓN, DISTRIBUCIÓN, ETC.
Lugar de publicación, distribución, etc. Bogotá, Colombia :
Nombre del editor, distribuidor, etc. Comisión Quinto Centenario-Colombia ;
-- Instituto Colombiano de Cultura,
Fecha de publicación, distribución, etc. 1992.
300 ## - DESCRIPCIÓN FÍSICA
Extensión 213 p. ;
Dimensiones 24 cm.
490 1# - MENCIÓN DE SERIE
Mención de serie Biblioteca V Centenario Colcultura ;
490 1# - MENCIÓN DE SERIE
Mención de serie Viajeros por Colombia ;
504 ## - NOTA DE BIBLIOGRAFÍA, ETC.
Nota de bibliografía, etc. Incluye referencias bibliográficas.
700 1# - PUNTO DE ACCESO ADICIONAL--NOMBRE DE PERSONA
Nombre de persona Wyse, Lucien N. B.,
Forma completa/desarrollada del nombre (Lucien Napoleon Bonaparte)
Fechas asociadas al nombre 1845-1909
9 (RLIN) 20352
740 0# - PUNTO DE ACCESO ADICIONAL--TÍTULO RELACIONADO O ANALÍTICO NO CONTROLADO
Título relacionado o analítico no controlado América meridional.
740 0# - PUNTO DE ACCESO ADICIONAL--TÍTULO RELACIONADO O ANALÍTICO NO CONTROLADO
Título relacionado o analítico no controlado Canal de Panamá.
830 #0 - PUNTO DE ACCESO ADICIONAL DE SERIE-TÍTULO UNIFORME
Título uniforme Bibliotecsa V Centenario Colcuktura ;
9 (RLIN) 20353
830 #0 - PUNTO DE ACCESO ADICIONAL DE SERIE-TÍTULO UNIFORME
Título uniforme Viajeros por Colombia ;
9 (RLIN) 20354
Existencias
Estado de retiro Estado de pérdida Restricciones de uso No para préstamo Código de colección Localización permanente Ubicación/localización actual Ubicación en estantería Fecha de adquisición Número de inventario Total de préstamos Signatura topográfica completa Código de barras Fecha visto por última vez Precio válido a partir de Tipo de ítem Koha Número de copia
      Excluido de préstamo Monografías: Libros y Folletos General General Depósito 07.09.2009 LF1   xxxx xxxx 7320-10 25.06.2020 25.06.2020 No se presta  
  Extraviado   Excluido de préstamo Monografías: Libros y Folletos General General Extraviado 19.04.2017 LF1   xxxx xxxx 7320-20 25.06.2020 25.06.2020 No se presta e. 2

Con tecnología Koha